Introduction to the theory of Fourier integrals, / (Record no. 7301)
[ view plain ]
| 000 -LEADER | |
|---|---|
| fixed length control field | 00806nam a22002531 4500 |
| 001 - CONTROL NUMBER | |
| control field | 7301 |
| 003 - CONTROL NUMBER IDENTIFIER | |
| rucl marc code | BD-RjUL |
| 005 - DATE AND TIME OF LATEST TRANSACTION | |
| control field | 20211208234408.0 |
| 008 - FIXED-LENGTH DATA ELEMENTS--GENERAL INFORMATION | |
| fixed length control field | 130114s1950 enk b 000 0 eng |
| 035 ## - SYSTEM CONTROL NUMBER | |
| System control number | (BD-RjUL)7344 |
| 040 ## - CATALOGING SOURCE | |
| Original cataloging agency | DLC/ICU |
| Transcribing agency | ICU |
| Modifying agency | DLC |
| -- | BD-RjUL |
| Language of cataloging | eng |
| 041 ## - LANGUAGE CODE | |
| Language code of text/sound track or separate title | eng |
| 082 00 - DEWEY DECIMAL CLASSIFICATION NUMBER | |
| Classification number | 515.2433 |
| Edition number | 23 |
| Author mark and year | TII 1950 |
| 100 1# - MAIN ENTRY--PERSONAL NAME | |
| Personal name | Titchmarsh, E. C. |
| Fuller form of name | (Edward Charles), |
| Dates associated with a name | 1899- |
| 9 (RLIN) | 20967 |
| 245 10 - TITLE STATEMENT | |
| Title | Introduction to the theory of Fourier integrals, / |
| Statement of responsibility, etc. | by E.C. Titchmarsh |
| 250 ## - EDITION STATEMENT | |
| Edition statement | 2nd ed. |
| 260 ## - PUBLICATION, DISTRIBUTION, ETC. (IMPRINT) | |
| Place of publication, distribution, etc. | Oxford, |
| Name of publisher, distributor, etc. | The Clarendon press, |
| Date of publication, distribution, etc. | 1950. |
| 300 ## - PHYSICAL DESCRIPTION | |
| Pagination | x, 394 p. ; |
| Size | 25 cm. |
| 500 ## - GENERAL NOTE | |
| General note | Includes index |
| 504 ## - BIBLIOGRAPHY, ETC. NOTE | |
| Bibliography, etc | "Books and monographs": p. [370]-371. "Original memoirs referred to in the text": p. 371-387. |
| 650 #0 - SUBJECT ADDED ENTRY--TOPICAL TERM | |
| Topical term or geographic name as entry element | Fourier series. |
| 9 (RLIN) | 22806 |
| 942 ## - ADDED ENTRY ELEMENTS (KOHA) | |
| Source of classification or shelving scheme | Dewey Decimal Classification |
| Koha item type | Books |
| Lost status | Source of classification or shelving scheme | Damaged status | Not for loan | Collection code | Permanent Location | Current Location | Shelving location | Date acquired | Source of acquisition | Cost, normal purchase price | Total Checkouts | Full call number | Date last seen | Copy number | Koha item type |
|---|---|---|---|---|---|---|---|---|---|---|---|---|---|---|---|
| Dewey Decimal Classification | Non-fiction | Central Library, University of Rajshahi | Central Library, University of Rajshahi | 16/11/1957 | Oxford University Press | 24.60 | 515.2433 TII 1950 | 13/01/2014 | C-2 | Books | |||||
| Dewey Decimal Classification | Non-fiction | Central Library, University of Rajshahi | Central Library, University of Rajshahi | 25/01/1975 | Jonathan & Co. | 4.00 | 515.2433 TII 1950 | 30/08/2016 | C-3 | Books | |||||
| Dewey Decimal Classification | Non-fiction | Central Library, University of Rajshahi | Central Library, University of Rajshahi | 21/07/1955 | O.U.P | 12.80 | 515.2433 TII 1950 | 30/08/2016 | C-4 | Books | |||||
| Dewey Decimal Classification | Non-fiction | Central Library, University of Rajshahi | Central Library, University of Rajshahi | 25/01/1975 | Jonathan Wren & Co., London | 4.00 | 515.2433 TII 1950 | 01/09/2016 | C-5 | Books |